Case studies in European economic union ; the mechanics of integration

Bibliographic Details
Main Author: Meade, J. E. (James Edward), 1907-1995
Format: Book
Language:English
Published: London, New York : Oxford University Press, [1962]
Subjects:

MARC

Tag First Indicator Second Indicator Subfields
LEADER 00000cam a2200000 4500
001 in00000068106
005 20151008051336.0
008 720504s1962 enk b 00000 eng u
010 |a  62006742  
035 |a (OCoLC)00301206 
035 |9 AAG7302AM 
040 |c WSU  |d TXA  |d UtOrBLW 
049 |a TXAM  |c [351334] 
050 0 |a HF1531  |b .M4 
092 |a 338.914  |b M481c 
100 1 |a Meade, J. E.  |q (James Edward),  |d 1907-1995. 
245 1 0 |a Case studies in European economic union ;  |b the mechanics of integration  |b [by] J. E. Meade, II. II. Liesner [and] S. J. Wells. Edited, with an introd. by J. E. Meade. 
264 1 |a London,  |a New York :  |b Oxford University Press,  |c [1962] 
264 4 |c [©1962] 
300 |a 424 pages 
336 |a text  |b txt  |2 rdacontent 
337 |a unmediated  |b n  |2 rdamedia 
338 |a volume  |b nc  |2 rdacarrier 
504 |a Bibliography: pages [417]-419. 
650 0 |a International economic integration. 
651 0 |a Europe  |x Economic integration. 
999 |a MARS 
999 f f |s 2e562348-f4f9-367e-a97f-28c3a3a06500  |i 50d12393-631f-31bb-852e-571e67116f10  |t 0 
952 f f |p ric  |a Texas A&M University  |b Rellis Campus  |c Joint Library Facility  |d Remote Storage  |t 0  |e HF1531 .M4  |h Library of Congress classification  |i unmediated -- volume  |m A14800773731 
998 f f |a HF1531 .M4  |t 0  |l Remote Storage